000 00368pab a2200157 454500
008 180718b2009 xxu||||| |||| 00| 0 eng d
100 _aAgarwal, B.D.
245 _aComputer operation - problems and solutions
260 _c2009
300 _ap.435-37.
362 _aJun
650 _aComputers
773 _aManagement Accountant
908 _aN
909 _a82926
999 _c82926
_d82926